[Event "ARA Campeonato de Aragon por Equipos Preferente Grupo I (204363)"]
[Site ""]
[Date "2019.03.16"]
[Round "8.51"]
[White "Rodes Apilluelo, Jose Maria"]
[Black "Muro Turon, Raul"]
[Result "0-1"]
[WhiteElo "1909"]
[BlackElo "1830"]
[PlyCount "0"]
[WhiteTeam "St. Casablanca C"]
[BlackTeam "Tauste"]
[EventDate "2019.01.26"]

1.c4 e5 2.Nc3 Nc6 3.e3 Nf6 4.d4 exd4 5.exd4 d5 6.Nf3 Be7 7.cxd5 Nxd5 8.Qb3 Nb6
9.d5 Nb4 10.Be3 N4xd5 11.Rd1 c6 12.a4 Bb4 13.Be2 Qe7 14.Bxb6 axb6 15.O-O Nxc3
16.bxc3 Bc5 17.Bc4 O-O 18.Rfe1 Qf6 19.Nd4 Bg4 20.Rd2 Rfe8 21.Qb1 Rad8 22.Re4
Qg6 23.Rxe8+ Rxe8 24.Qxg6 Re1+ 25.Bf1 hxg6 26.Nb3 Be6 27.Rb2 Bc4 28.Nd2 Bd3
29.g3 Ra1 30.Kg2 Bxf1+ 31.Nxf1 Rxa4 32.Nd2 b5 33.h4 f5 34.Nb3 Rc4 35.Na5 Rxc3
36.Nxb7 Be7 37.Re2 Kf7 38.Rb2 b4 39.Na5 c5 40.Nc6 b3 41.Re2 Bf6 42.Rd2 Rc2 43.
Rd7+ Ke6 44.Rb7 c4 45.Rb6 Kd5 46.Nb4+ Kc5 0-1

[Event "ARA Campeonato de Aragon por Equipos Preferente Grupo I (204363)"]
[Site ""]
[Date "2019.03.16"]
[Round "8.52"]
[White "Liarte Marinoso, Aaron"]
[Black "Alvarez Gonzalo, Miguel Angel"]
[Result "1-0"]
[WhiteElo "1613"]
[BlackElo "1817"]
[PlyCount "0"]
[WhiteTeam "Tauste"]
[BlackTeam "St. Casablanca C"]
[EventDate "2019.01.26"]

1.Nf3 Nf6 2.c4 e6 3.b3 g6 4.Bb2 Bg7 5.d4 O-O 6.g3 d5 7.Bg2 Nbd7 8.O-O Rb8 9.
Nc3 a6 10.Rc1 Re8 11.Ne5 c6 12.Nxd7 Bxd7 13.Na4 dxc4 14.bxc4 e5 15.d5 cxd5 16.
cxd5 e4 17.Nc5 Bb5 18.Bxf6 Bxf6 19.Nxe4 Bg7 20.a4 Bxe2 21.Qxe2 f5 22.Qc4 fxe4
23.Bxe4 b5 24.axb5 axb5 25.Qd3 Be5 26.Rfd1 Bd6 27.Rc6 b4 28.Bxg6 1-0

[Event "ARA Campeonato de Aragon por Equipos Preferente Grupo II (204366)"]
[Site ""]
[Date "2019.03.16"]
[Round "8.53"]
[White "Vallverdu Miret, Oscar"]
[Black "Malo Guillen, Jose Luis"]
[Result "1/2-1/2"]
[WhiteElo "2089"]
[BlackElo "2140"]
[PlyCount "0"]
[WhiteTeam "Fraga"]
[BlackTeam "Las Fuentes"]
[EventDate "2019.01.26"]

1. d4 Nf6 2. Bg5 d5 3. Bxf6 gxf6 4. e3 c6 5. c4 e6 6. Nc3 Bd6 7. Nf3 a6 8. cxd5
cxd5 9. g3 b5 10. a3 Nc6 11. Bg2 Bb7 12. b4 Rc8 13. Rc1 Nxb4 14. axb4 Bxb4 15.
Qb3 Qa5 16. Kd2 O-O 17. Rc2 Rc6 18. Rb1 Bxc3+ 19. Rxc3 Rxc3 20. Qxc3 b4 21. Qb3
Qb5 22. Ne1 a5 23. Nd3 Ba6 24. Bf1 Qc6 25. Be2 Bc4 26. Qb2 Qb5 27. f4 Kg7 28.
h3 b3 29. Qa3 a4 30. Kc3 h5 31. Qc5 Qb7 32. Qa3 Qa6 33. Nc5 Qb5 34. Bxh5 Be2
35. Bxe2 Qxe2 36. Qxa4 Qxe3+ 37. Nd3 b2 38. Qa2 Qxg3 39. Qxb2 1/2-1/2

[Event "ARA Campeonato de Aragon por Equipos Preferente Grupo II (204366)"]
[Site ""]
[Date "2019.03.16"]
[Round "8.54"]
[White "Querol Soro, Sergio"]
[Black "Aribau Rivas, Miguel Angel"]
[Result "0-1"]
[WhiteElo "1927"]
[BlackElo "2043"]
[PlyCount "0"]
[WhiteTeam "Las Fuentes"]
[BlackTeam "Fraga"]
[EventDate "2019.01.26"]

1. Nf3 Nf6 2. g3 d5 3. Bg2 g6 4. c4 c6 5. cxd5 cxd5 6. d3 Bg7 7. Qa4+ Nc6 8.
Ne5 Qb6 9. Nxc6 bxc6 10. Be3 Qb7 11. Bd4 Bd7 12. Qa3 a5 13. Bc5 Bf5 14. O-O O-O
15. Bd4 Rfe8 16. Be5 Bf8 17. Nd2 Nd7 18. Bc3 e5 19. Qb3 Qa6 20. Nf3 a4 21. Qc2
e4 22. dxe4 Bxe4 23. Qd2 c5 24. e3 Qb7 25. Nh4 Bxg2 26. Nxg2 Ne5 27. Bxe5 Rxe5
28. Rfd1 Rd8 29. Qc2 Re4 30. Nf4 Rb4 31. Rd2 d4 32. a3 Rb3 33. Rb1 Rd7 34. exd4
cxd4 35. Nd3 Bxa3 36. Ra1 Rc7 37. Qd1 Bxb2 38. Nxb2 Rxb2 39. Qxa4 Rxd2 0-1

[Event "ARA Campeonato de Aragon por Equipos Preferente Grupo II (204366)"]
[Site ""]
[Date "2019.03.16"]
[Round "8.55"]
[White "Chine Infantes, Miguel Angel"]
[Black "Javierre Conesa, Alfonso"]
[Result "0-1"]
[WhiteElo "1782"]
[BlackElo "1911"]
[PlyCount "0"]
[WhiteTeam "Fraga"]
[BlackTeam "Las Fuentes"]
[EventDate "2019.01.26"]

1. e4 d6 2. Nf3 Nf6 3. d3 g6 4. c4 Bg7 5. Nc3 O-O 6. Be2 c5 7. O-O Nc6 8. h3 a6
9. Rb1 Rb8 10. Nd5 e6 11. Nxf6+ Bxf6 12. Bh6 Re8 13. Re1 b5 14. b3 Qa5 15. Bf4
Rd8 16. Bd2 Qxa2 17. Bg5 Bxg5 18. Nxg5 Qa5 19. Nf3 Qb6 20. Qd2 Qc7 21. Qg5 Qe7
22. Qg3 Rd7 23. h4 Rdb7 24. Ra1 Rb6 25. h5 bxc4 26. hxg6 fxg6 27. bxc4 e5 28.
Nh4 Bd7 29. Bg4 Bxg4 30. Qxg4 Nd4 31. Re3 Qe6 32. Qg5 Qf7 33. Rf1 Rb1 34. Ree1
R1b2 35. f4 Qg7 36. Kh1 Ne6 37. Qg4 Nxf4 38. g3 h5 39. Qf3 Ne6 40. Qf6 Re8 41.
Qxg6 Qxg6 42. Nxg6 Rd2 43. Re3 Kg7 44. Nh4 Nd4 45. Nf5+ Nxf5 46. Rxf5 Rf8 47.
Kg1 Rxf5 48. exf5 Kf6 49. Rf3 a5 50. Rf1 Rxd3 51. Kg2 a4 52. Ra1 a3 53. Kf2
Kxf5 0-1

[Event "ARA Campeonato de Aragon por Equipos Preferente Grupo II (204366)"]
[Site ""]
[Date "2019.03.16"]
[Round "8.56"]
[White "Mombiela De Sus, Jose Luis"]
[Black "Agustin De Dios, Adrian"]
[Result "1/2-1/2"]
[WhiteElo "1903"]
[BlackElo "1717"]
[PlyCount "0"]
[WhiteTeam "Las Fuentes"]
[BlackTeam "Fraga"]
[EventDate "2019.01.26"]

1. Nf3 c5 2. c4 Nf6 3. Nc3 d6 4. g3 e6 5. Bg2 Be7 6. O-O O-O 7. d4 cxd4 8. Nxd4
Nbd7 9. b3 Nb6 10. e4 Re8 11. Bb2 Nbd7 12. Qe2 a6 13. Kh1 Qc7 14. f4 Rb8 15.
Rae1 h6 16. e5 Nh7 17. Qh5 Nhf8 18. Nxe6 Nxe6 19. f5 Nxe5 20. Nd5 Qd8 21. Rxe5
dxe5 22. Bxe5 Bd6 23. fxe6 Bxe6 24. Bf6 Re7 25. Nxe7+ Bxe7 26. Bxe7 Qxe7 27. c5
Rc8 28. Rc1 g6 29. Qe5 Qc7 30. Qe1 Rb8 31. Qe3 h5 32. a3 Rd8 33. Qf4 Qe7 34.
Qe4 Rb8 35. b4 Qg5 36. Qf4 Qd8 37. Kg1 b6 38. c6 Rc8 39. a4 Qe7 40. b5 axb5 41.
axb5 g5 42. Qe3 h4 43. gxh4 gxh4 44. h3 Re8 45. c7 Bc8 46. Qxb6 Qb4 47. Qf2
Qxb5 48. Qxh4 Qb6+ 49. Kh1 Bb7 50. Rg1 Kf8 51. Qh8+ Ke7 52. Qe5+ Kf8 53. Qf4
Bxg2+ 54. Rxg2 Qb1+ 55. Kh2 Qb6 56. Rf2 Qe6 57. Qb4+ Kg7 58. Rg2+ Kh7 59. Qh4+
Qh6 60. Qg4 Qd6+ 61. Qg3 Qxg3+ 62. Kxg3 Re3+ 63. Kf4 Rc3 1/2-1/2

[Event "ARA Campeonato de Aragon por Equipos Preferente Grupo II (204366)"]
[Site ""]
[Date "2019.03.16"]
[Round "8.57"]
[White "Carrasquer Alonso, Luis"]
[Black "Farinas Argudo, Adrian"]
[Result "1-0"]
[WhiteElo "1840"]
[BlackElo "1794"]
[PlyCount "0"]
[WhiteTeam "Jaque B"]
[BlackTeam "Marcos Frechin B"]
[EventDate "2019.01.26"]

1. e4 e5 2. Nf3 Nc6 3. Bb5 Bc5 4. O-O d6 5. d4 exd4 6. Nxd4 Bd7 7. Nxc6 Bxc6 8.
Bxc6+ bxc6 9. Nc3 Nf6 10. Bg5 O-O 11. Na4 Bb6 12. Nxb6 cxb6 13. Qf3 Rc8 14.
Rfd1 Re8 15. Bxf6 Qxf6 16. Qxf6 gxf6 17. Rxd6 Rxe4 18. Kf1 Re6 19. Rad1 Rce8
20. Rxe6 Rxe6 21. Rd3 Kf8 22. Re3 Rxe3 23. fxe3 Ke7 24. Kf2 Ke6 25. Kf3 Ke5 26.
g4 h6 27. h4 f5 28. g5 h5 29. b3 b5 30. b4 a6 31. c3 Kd5 32. Kf4 Kc4 33. Kxf5
Kxc3 34. Kf6 Kxb4 35. Kxf7 c5 36. g6 c4 37. g7 c3 38. g8=Q Ka3 39. Kf6 1-0

[Event "ARA Campeonato de Aragon por Equipos Preferente Grupo II (204366)"]
[Site ""]
[Date "2019.03.16"]
[Round "8.58"]
[White "Hususan, Melisa"]
[Black "Carrasquer Alonso, Fernando"]
[Result "0-1"]
[WhiteElo "1763"]
[BlackElo "1741"]
[PlyCount "0"]
[WhiteTeam "Marcos Frechin B"]
[BlackTeam "Jaque B"]
[EventDate "2019.01.26"]

1. e4 d6 2. d4 Nf6 3. Nc3 Nbd7 4. Nf3 e5 5. Bc4 Be7 6. O-O O-O 7. Bg5 c6 8. Bb3
b5 9. a3 Qb6 10. Re1 exd4 11. Nxd4 Ne5 12. a4 b4 13. Nb1 a5 14. h3 Bxh3 15.
Nxc6 Nxc6 16. gxh3 Nxe4 17. Rxe4 Bxg5 18. Qxd6 Rad8 19. Qg3 Nd4 20. h4 Nxb3 21.
Qxb3 Rd1+ 22. Kg2 Bh6 23. c3 Qg6+ 24. Kf3 Qf5+ 25. Ke2 Qxe4+ 26. Kxd1 Qd3+ 27.
Ke1 Re8+ 0-1

[Event "ARA Campeonato de Aragon por Equipos Preferente Grupo II (204366)"]
[Site ""]
[Date "2019.03.16"]
[Round "8.59"]
[White "Lamelas Andreu, Jose Carlos"]
[Black "Alas Sebastian, Yasmina"]
[Result "1-0"]
[WhiteElo "1637"]
[BlackElo "1729"]
[PlyCount "0"]
[WhiteTeam "Jaque B"]
[BlackTeam "Marcos Frechin B"]
[EventDate "2019.01.26"]

1. f4 g6 2. Nf3 Bg7 3. Nc3 d6 4. e3 e6 5. b3 Ne7 6. Bb2 O-O 7. Na4 c5 8. Bxg7
Kxg7 9. Be2 Bd7 10. Nb2 Bc6 11. c4 Nd7 12. O-O Kg8 13. Qe1 Nf6 14. Nd1 Rb8 15.
Nc3 a6 16. a4 Qd7 17. Qh4 Kg7 18. g4 h5 19. g5 Ne8 20. e4 Nc7 21. d4 cxd4 22.
Nxd4 Rh8 23. Rad1 Qc8 24. Bd3 Bd7 25. Rd2 d5 26. Rdf2 dxe4 27. Nxe4 Nf5 28.
Nxf5+ exf5 29. Nf6 Bc6 30. Re1 Qd8 31. Qg3 b5 32. axb5 axb5 33. Qe3 Ne6 34.
cxb5 Bxb5 35. Bc4 Bxc4 36. bxc4 Qc7 37. Qc3 Qa7 38. Rxe6 fxe6 39. Nxh5+ Kg8 40.
Nf6+ Kf7 41. Ng4 Rb1+ 42. Kg2 Qb7+ 43. Rf3 Rb2+ 44. Kg3 Rc8 45. Nh6+ Ke8 46.
Qh8+ Kd7 47. Qd4+ Kc7 48. Qe5+ Kd7 49. Rd3+ Ke7 50. Qf6+ Ke8 51. Qxe6+ Kf8 52.
Qf6+ Ke8 53. Qxg6+ Ke7 54. Nxf5+ Kf8 55. Qf6+ Kg8 56. Qe6+ Kf8 57. Qf6+ Kg8 58.
Ne7+ 1-0

[Event "ARA Campeonato de Aragon por Equipos Preferente Grupo II (204366)"]
[Site ""]
[Date "2019.03.16"]
[Round "8.60"]
[White "Moya Gimeno, Raul"]
[Black "Huerva Lacuna, Isidro"]
[Result "0-1"]
[WhiteElo "1710"]
[BlackElo "1570"]
[PlyCount "0"]
[WhiteTeam "Marcos Frechin B"]
[BlackTeam "Jaque B"]
[EventDate "2019.01.26"]

1. e4 d6 2. d4 Nd7 3. Nc3 e5 4. Nf3 Ngf6 5. Bg5 Be7 6. Bc4 O-O 7. h3 c6 8. Bb3
b6 9. Qd2 Bb7 10. O-O-O Qc7 11. d5 a5 12. dxc6 Bxc6 13. Nd5 Nxd5 14. Bxd5 Bxg5
15. Nxg5 Nf6 16. Bxc6 Qxc6 17. Qxd6 Qxd6 18. Rxd6 h6 19. Nf3 Nxe4 20. Rxb6 f6
21. Nd2 Nc5 22. Rb5 Rfc8 23. Rd1 Ra6 24. Nb3 Nxb3+ 25. Rxb3 e4 26. Rd7 Rac6 27.
c3 R6c7 28. Rb7 Rxd7 29. Rxd7 Rc5 30. Kd2 Kh7 31. Rd4 f5 32. g4 Kg6 33. gxf5+
Kxf5 34. Ke3 Re5 35. b3 g5 36. c4 h5 37. Rd5 Ke6 38. Rxe5+ Kxe5 39. a3 h4 40.
b4 g4 41. b5 gxh3 42. b6 Kd6 43. f4 h2 0-1

[Event "ARA Campeonato de Aragon por Equipos Preferente Grupo II (204366)"]
[Site ""]
[Date "2019.03.16"]
[Round "8.61"]
[White "Veras Sanz, Marino"]
[Black "Faro Perella, Alberto"]
[Result "1-0"]
[WhiteElo "2084"]
[BlackElo "1960"]
[PlyCount "0"]
[WhiteTeam "El Olivar B"]
[BlackTeam "Binefar"]
[EventDate "2019.01.26"]

1. Nf3 Nf6 2. c4 e6 3. g3 d5 4. Bg2 Nc6 5. d4 dxc4 6. Qa4 Bd7 7. Qxc4 Na5 8.
Qc2 c5 9. dxc5 Rc8 10. b4 Nc6 11. a3 Be7 12. O-O a6 13. Qd3 b6 14. cxb6 Qxb6
15. Be3 Qb5 16. Qb3 Nd5 17. Nd4 Nxd4 18. Bxd4 Qxe2 19. Bxg7 Rg8 20. Nc3 Nxc3
21. Bxc3 Rg4 22. Rad1 Rgc4 23. Bd4 Rc2 24. Rfe1 Qc4 25. Qe3 Bc6 26. Bxc6+ Qxc6
27. Qh6 Qf3 28. Be3 R8c4 29. Qxh7 Re4 30. Bb6 Rec4 31. Qg8+ 1-0

[Event "ARA Campeonato de Aragon por Equipos Preferente Grupo II (204366)"]
[Site ""]
[Date "2019.03.16"]
[Round "8.62"]
[White "Lanau Corzan, Gerardo"]
[Black "Bailo Remacha, Santiago"]
[Result "0-1"]
[WhiteElo "1812"]
[BlackElo "1965"]
[PlyCount "0"]
[WhiteTeam "Binefar"]
[BlackTeam "El Olivar B"]
[EventDate "2019.01.26"]

1. d4 d5 2. Bf4 Nf6 3. Nf3 g6 4. e3 Bg7 5. Be2 Nbd7 6. O-O O-O 7. h3 c5 8. c3
b6 9. Nbd2 Bb7 10. a4 Ne4 11. Re1 Re8 12. Bb5 f6 13. a5 a6 14. Bxd7 Qxd7 15.
axb6 e5 16. Bh2 Nxd2 17. Nxd2 Qc6 18. Nb3 c4 19. Nc5 Qxb6 20. Qg4 Bc8 21. Qf3
e4 22. Qe2 Bf8 23. Na4 Qb3 24. Qd1 Qb5 25. Qc2 Re6 26. Reb1 Bd7 27. b3 cxb3 28.
Qxb3 Qxb3 29. Rxb3 Bxa4 30. Rxa4 Rc6 31. g4 a5 32. Kg2 Rc4 33. Ra2 a4 34. Rb8
Rxb8 35. Bxb8 a3 36. Ba7 Rxc3 37. Bc5 Bxc5 38. dxc5 Kf7 39. Kg3 g5 40. h4 h6
0-1

[Event "ARA Campeonato de Aragon por Equipos Preferente Grupo II (204366)"]
[Site ""]
[Date "2019.03.16"]
[Round "8.63"]
[White "Requena Munguira, Jorge"]
[Black "Arino Castan, Federico"]
[Result "1-0"]
[WhiteElo "1937"]
[BlackElo "1727"]
[PlyCount "0"]
[WhiteTeam "El Olivar B"]
[BlackTeam "Binefar"]
[EventDate "2019.01.26"]

1. d4 Nf6 2. c4 d5 3. Nc3 g6 4. Bf4 Bg7 5. h3 O-O 6. e3 c5 7. Nf3 Nc6 8. dxc5
Qa5 9. Nd2 Qxc5 10. Nb3 Qb6 11. cxd5 Nb4 12. Bc4 Bf5 13. O-O Rac8 14. Nd2 Qd8
15. Qb3 Nd3 16. Bxd3 Bxd3 17. Rfe1 Nh5 18. Bh2 Qb6 19. Qxb6 axb6 20. Rac1 b5
21. a3 Rfd8 22. e4 Bh6 23. Red1 Nf4 24. Bxf4 Bxf4 25. g3 Bxd2 26. Rxd2 Bxe4 27.
Re1 Bf5 28. g4 Bd7 29. Rxe7 Kf8 30. Rde2 Rc4 31. Kg2 b4 32. axb4 Rxb4 33. Kg3
b5 34. R7e4 Rxe4 35. Rxe4 f5 36. Re5 b4 37. Ne2 Rc8 38. Nd4 fxg4 39. hxg4 Re8
40. Rxe8+ Kxe8 41. Kf4 h6 42. f3 Ba4 43. Nc6 b3 44. Nd4 Kd7 45. Ke5 h5 46. gxh5
gxh5 47. Ne6 h4 48. Ng5 Bb5 49. Kf4 Kd6 50. Ne4+ Kd7 51. Kg4 Bc4 52. Kxh4 Bxd5
53. Nf6+ Kd6 54. Nxd5 Kxd5 55. Kg5 Kd4 56. f4 Kd3 57. f5 Kc2 58. f6 Kxb2 59. f7
Kc2 60. f8=Q b2 61. Qc5+ Kd1 62. Qd4+ Kc1 63. Qc3+ Kb1 64. Kf4 Ka2 65. Qc2 Ka1
66. Qa4+ Kb1 67. Ke3 Kc1 68. Qc4+ Kb1 69. Kd2 Ka1 70. Qa4+ Kb1 71. Kc3 Kc1 72.
Qc2# 1-0

[Event "ARA Campeonato de Aragon por Equipos Preferente Grupo II (204366)"]
[Site ""]
[Date "2019.03.16"]
[Round "8.64"]
[White "Amello Montiu, Jonathan"]
[Black "Arinez Bruna, Octavio"]
[Result "1-0"]
[WhiteElo "1627"]
[BlackElo "1905"]
[PlyCount "0"]
[WhiteTeam "Binefar"]
[BlackTeam "El Olivar B"]
[EventDate "2019.01.26"]

1. d4 Nf6 2. c4 c5 3. d5 e6 4. Nc3 exd5 5. cxd5 d6 6. e4 g6 7. h3 Bg7 8. Bd3
O-O 9. Bg5 Re8 10. Nf3 a6 11. a4 Nbd7 12. O-O Qc7 13. Re1 Rb8 14. Rc1 h6 15.
Bf4 Nh5 16. Bh2 Qb6 17. Rc2 Ne5 18. Be2 Nf6 19. Nxe5 dxe5 20. Bc4 Qb4 21. Bf1
Bd7 22. Rd2 g5 23. Qc2 Bf8 24. b3 Bd6 25. Nd1 b5 26. Nb2 bxa4 27. bxa4 a5 28.
Rde2 Rb7 29. Nd3 Qd4 30. Nb2 Qb4 31. Nd3 Qb6 32. Rc1 c4 33. Nb2 c3 34. Qxc3 Rc8
35. Qe1 Rxc1 36. Qxc1 Ba3 37. Bxe5 Bxb2 38. Rxb2 Qa7 39. Rxb7 Qxb7 40. Bxf6
Bxa4 41. Qd2 Qb6 42. e5 Bd7 43. h4 Bb5 44. Bxb5 Qxb5 45. hxg5 Qb1+ 46. Kh2 Qg6
47. gxh6 a4 48. Qg5 a3 49. Qxg6+ fxg6 50. e6 1-0

[Event "ARA Campeonato de Aragon por Equipos Preferente Grupo II (204366)"]
[Site ""]
[Date "2019.03.16"]
[Round "8.65"]
[White "Accattato Martin, Mario"]
[Black "Manguez Tomas, Andres"]
[Result "1-0"]
[WhiteElo "2215"]
[BlackElo "1933"]
[PlyCount "0"]
[WhiteTeam "Monzon"]
[BlackTeam "Agrupacion C"]
[EventDate "2019.01.26"]

1. e4 d5 2. exd5 Qxd5 3. Nc3 Qa5 4. d4 Nf6 5. Bc4 c6 6. Nge2 Bf5 7. O-O e6 8.
Ng3 Bg6 9. f4 Be7 10. f5 exf5 11. Qe2 Ne4 12. Nxf5 Bxf5 13. Nxe4 Be6 14. Bd2
Qd8 15. Bxe6 fxe6 16. Qh5+ Kd7 17. Qf7 Na6 18. Qxg7 Kc8 19. Qe5 Nc7 20. Rf7 Re8
21. Bf4 b6 22. Qxc7+ Qxc7 23. Bxc7 Kxc7 24. Nf6 Kd6 25. Nxe8+ Rxe8 26. Rxh7 Bf6
27. c3 a5 28. h4 c5 29. dxc5+ Kxc5 30. g4 e5 31. g5 Bd8 32. g6 e4 33. Kf2 e3+
34. Ke2 Rg8 35. Rg1 Bf6 36. g7 1-0

[Event "ARA Campeonato de Aragon por Equipos Preferente Grupo II (204366)"]
[Site ""]
[Date "2019.03.16"]
[Round "8.66"]
[White "Larrosa Poves, Jose Manuel"]
[Black "Arrieta Restrepo, Steven"]
[Result "0-1"]
[WhiteElo "1912"]
[BlackElo "1949"]
[PlyCount "0"]
[WhiteTeam "Agrupacion C"]
[BlackTeam "Monzon"]
[EventDate "2019.01.26"]

1. d4 Nf6 2. c4 c5 3. d5 e6 4. Nc3 exd5 5. cxd5 d6 6. Nf3 g6 7. g3 Bg7 8. Bg2
O-O 9. O-O Re8 10. Qc2 Bf5 11. Qb3 b6 12. Nd2 Na6 13. Nc4 Ne4 14. Nb5 Nc7 15.
Nxc7 Qxc7 16. f3 Nf6 17. e4 Bc8 18. Bf4 Bf8 19. Rfe1 Ba6 20. Rad1 b5 21. Qa3
bxc4 22. Qxa6 Nh5 23. Bc1 Bg7 24. Qxc4 Rab8 25. b3 Qa5 26. Qc2 Nf6 27. Bd2 Qb6
28. Bc3 Nd7 29. Bxg7 Kxg7 30. Kh1 h5 31. h4 a5 32. Qc3+ f6 33. Bh3 Rb7 34. f4
Qb4 35. Qxb4 axb4 36. Bxd7 Rxd7 37. Kg2 Ra7 38. Rd2 Rc7 39. Rc2 Ra7 40. Ree2
Rae7 41. Kf3 Kf7 42. Rc4 Kg7 43. g4 hxg4+ 44. Kxg4 Kf7 45. Kf3 Kg7 46. e5 fxe5
47. fxe5 Rxe5 48. Rxe5 Rxe5 49. Re4 Rxe4 50. Kxe4 Kh6 51. Kf4 Kh5 52. Kg3 g5
53. hxg5 Kxg5 54. Kf3 Kf5 55. Ke3 Ke5 56. Kd3 Kxd5 57. Ke3 Ke5 58. Kd3 d5 59.
Ke3 c4 60. bxc4 dxc4 0-1

[Event "ARA Campeonato de Aragon por Equipos Preferente Grupo II (204366)"]
[Site ""]
[Date "2019.03.16"]
[Round "8.67"]
[White "Hidalgo Gracia, Andres"]
[Black "Carruez Gracia, Eduardo"]
[Result "1/2-1/2"]
[WhiteElo "1846"]
[BlackElo "1894"]
[PlyCount "0"]
[WhiteTeam "Monzon"]
[BlackTeam "Agrupacion C"]
[EventDate "2019.01.26"]

1. c4 c5 2. Nc3 Nc6 3. g3 e5 4. Bg2 g6 5. e4 Bg7 6. Nge2 Nge7 7. O-O d6 8. d3
O-O 9. Nd5 h6 10. f4 Bg4 11. h3 Bxe2 12. Qxe2 Nd4 13. Qf2 Nxd5 14. cxd5 exf4
15. Bxf4 f5 16. Qd2 Kh7 17. Rae1 g5 18. Be3 Be5 19. Bxd4 Bxd4+ 20. Kh1 f4 21.
gxf4 gxf4 22. Rxf4 Qg5 23. Ref1 Bg7 24. h4 Qg3 25. R1f3 Qg6 26. Bh3 Kh8 27. Qf2
Rxf4 28. Rxf4 Rg8 29. Bf5 Qh5 30. Rg4 Be5 31. Qg2 Rxg4 32. Qxg4 Qxg4 33. Bxg4
Bxb2 34. Kg2 Kg7 35. Kf2 Kf6 36. Ke2 Ke5 37. Kd2 Kd4 38. Kc2 Bc3 39. Bc8 b6 40.
h5 Be1 41. Ba6 Bh4 1/2-1/2

[Event "ARA Campeonato de Aragon por Equipos Preferente Grupo II (204366)"]
[Site ""]
[Date "2019.03.16"]
[Round "8.68"]
[White "Garcia Valer, Jesus"]
[Black "Garreta Nieto, Maria"]
[Result "0-1"]
[WhiteElo "1841"]
[BlackElo "1754"]
[PlyCount "0"]
[WhiteTeam "Agrupacion C"]
[BlackTeam "Monzon"]
[EventDate "2019.01.26"]

1. e4 c6 2. d4 d5 3. exd5 cxd5 4. c4 e6 5. Nc3 Nf6 6. Nf3 Nc6 7. Bg5 Be7 8. Bd3
h6 9. Bh4 O-O 10. O-O b6 11. Re1 Nb4 12. Bf1 dxc4 13. Bxc4 Bb7 14. Ne5 Rc8 15.
Bb3 Nbd5 16. Rc1 Bb4 17. Qd2 Be7 18. Nxd5 Nxd5 19. Rxc8 Qxc8 20. Rc1 Qd8 21.
Bg3 Bg5 22. f4 Bh4 23. Bxh4 Qxh4 24. g3 Qh3 25. Nc6 Bxc6 26. Rxc6 Qf5 27. Bc2
Qf6 28. Qd3 g6 29. a3 h5 30. Bb3 Rd8 31. Kf2 h4 32. Qe4 hxg3+ 33. hxg3 Ne7 34.
Rc4 Nf5 35. Rc7 Rxd4 36. Rc8+ Kg7 37. Qh1 Nh6 38. Rc2 Qf5 39. Qe1 Ng4+ 40. Kg2
Qh5 41. Qc3 e5 42. fxe5 Qh2+ 43. Kf3 Nxe5+ 44. Ke3 Rd3+ 45. Qxd3 Qxg3+ 46. Ke4
Qxd3+ 47. Kxe5 Qxb3 0-1

[Event "ARA Campeonato de Aragon por Equipos Preferente Grupo II (204366)"]
[Site ""]
[Date "2019.03.16"]
[Round "8.70"]
[White "Sanjulian Arruga, Pablo"]
[Black "Inglan Bielsa, Fernando"]
[Result "1/2-1/2"]
[WhiteElo "1850"]
[BlackElo "2082"]
[PlyCount "0"]
[WhiteTeam "St. Casablanca B"]
[BlackTeam "Jaime Casas B"]
[EventDate "2019.01.26"]

1. c4 Nf6 2. Nc3 d5 3. cxd5 Nxd5 4. e4 Nxc3 5. dxc3 Qxd1+ 6. Kxd1 e5 7. Bc4 f5
8. exf5 Bxf5 9. Be3 Nd7 10. Nf3 O-O-O 11. Ke2 Bd6 12. Ng5 Rde8 13. Nf7 Rhf8 14.
Nxd6+ cxd6 15. h3 Kc7 16. Bd3 {(=)} 1/2-1/2

[Event "ARA Campeonato de Aragon por Equipos Preferente Grupo II (204366)"]
[Site ""]
[Date "2019.03.16"]
[Round "8.71"]
[White "Rodriguez Leiva, Manuel"]
[Black "Ayensa Garcia, Miguel Angel"]
[Result "1/2-1/2"]
[WhiteElo "1932"]
[BlackElo "1849"]
[PlyCount "0"]
[WhiteTeam "Jaime Casas B"]
[BlackTeam "St. Casablanca B"]
[EventDate "2019.01.26"]

1. c4 c5 2. Nc3 g6 3. g3 Bg7 4. Bg2 Nc6 5. Nf3 Nf6 6. O-O O-O 7. d3 Rb8 8. Bf4
d6 9. Qd2 Re8 10. Bh6 Bh8 11. Nd5 Nxd5 12. cxd5 Ne5 13. Nxe5 Bxe5 14. Rab1 a5
15. Kh1 b5 16. b3 b4 17. e4 Bg7 18. Bxg7 Kxg7 19. f4 f6 20. Rbe1 Bb7 21. g4 Rf8
22. Qb2 Kg8 23. g5 fxg5 24. fxg5 Qd7 25. Qe2 Rxf1+ 26. Rxf1 Rf8 27. Rxf8+ Kxf8
28. Qf3+ Kg7 29. Bh3 Qe8 30. Qg4 Qf7 31. Kg2 Ba6 32. Qg3 Kh8 33. Be6 Qg7 34.
Qf3 Qb2+ 35. Kh3 Qg7 36. Kg4 h5+ 37. gxh6 Qxh6 38. Qf7 Qh5+ 39. Kg3 Qg5+ 40.
Kh3 Qh5+ 41. Kg3 1/2-1/2

[Event "ARA Campeonato de Aragon por Equipos Preferente Grupo II (204366)"]
[Site ""]
[Date "2019.03.16"]
[Round "8.72"]
[White "Vela Frago, Alberto"]
[Black "Buil Rello, Jose Antonio"]
[Result "1-0"]
[WhiteElo "1846"]
[BlackElo "1761"]
[PlyCount "0"]
[WhiteTeam "St. Casablanca B"]
[BlackTeam "Jaime Casas B"]
[EventDate "2019.01.26"]

1. c4 c6 2. e4 d5 3. exd5 cxd5 4. d4 dxc4 5. Bxc4 e6 6. Nf3 Be7 7. O-O Nf6 8.
Nc3 O-O 9. Re1 h6 10. Bf4 a6 11. d5 exd5 12. Nxd5 Nxd5 13. Bxd5 Bf6 14. Qb3 Nd7
15. Rad1 Qa5 16. Bd6 Nc5 17. Bxf7+ Kh8 18. Qd5 1-0

[Event "División de Honor Aragonesa 2019 - Encuentros por tableros Global"]
[Site ""]
[Date "2019.03.23"]
[Round "9.1"]
[White "Forcen Esteban, Daniel"]
[Black "Lopez Gracia, Fernando"]
[Result "1-0"]
[WhiteElo "2567"]
[BlackElo "2293"]
[PlyCount "0"]
[WhiteTeam "Jaime Casas"]
[BlackTeam "Ibercaja"]
[EventDate "2019.01.26"]

1. c4 Nf6 2. Nf3 g6 3. Nc3 Bg7 4. d4 O-O 5. Bg5 h6 6. Bh4 c5 7. d5 b5 8. cxb5
a6 9. e3 d6 10. Nd2 Nbd7 11. e4 axb5 12. Bxb5 Ba6 13. Bxa6 Rxa6 14. O-O Qb6 15.
Nc4 Qb4 16. Qe2 Rfa8 17. a3 Qb3 18. Rab1 Nh5 19. Bxe7 Nf4 20. Qg4 Qxc4 21. Qxf4
Ne5 22. Bf6 Nd3 23. Qf3 Bxf6 24. Qxf6 Rb6 25. a4 Rab8 26. g3 Rxb2 27. Rxb2 Rxb2
28. Nb5 Qxe4 29. Nxd6 Qxd5 30. Nxf7 Nxf2 31. Qh8+ 1-0

[Event "División de Honor Aragonesa 2019 - Encuentros por tableros Global"]
[Site ""]
[Date "2019.03.23"]
[Round "9.3"]
[White "Antoli Royo, Joaquin Miguel"]
[Black "Aguirre Izaguirre, Pedro Jose"]
[Result "1-0"]
[WhiteElo "2438"]
[BlackElo "2189"]
[PlyCount "0"]
[WhiteTeam "Jaime Casas"]
[BlackTeam "Ibercaja"]
[EventDate "2019.01.26"]

1. e4 c5 2. Nf3 Nc6 3. c3 e6 4. d4 d5 5. e5 Qb6 6. a3 Bd7 7. b4 cxb4 8. cxb4
Nge7 9. Be3 Nf5 10. Bd3 g6 11. O-O Nxe3 12. fxe3 Bh6 13. Qe1 O-O 14. Kh1 Rac8
15. Nc3 a6 16. Na4 Qd8 17. Nc5 Rc7 18. a4 Ne7 19. g4 Nc8 20. h4 g5 21. Ra2 b6
1-0